Predikcia zlyhania firiem - štatistické prístupy a metódy strojového učenia analýza malých a stredných firiem na Slovensku

Uložené v:
Podrobná bibliografia
Hlavný autor: Káčer, Marek, 1976-
Korporativný autor: Ekonomická univerzita v Bratislave. Národohospodárska fakulta
Ďalší autori: Alexy, Martin, 1976-, Pisár, Peter, Kiseľáková, Dana
Médium: Kniha
Jazyk:Slovak
Vydavateľské údaje: Bratislava Vydavateľstvo EKONÓM 2024
Vydanie:1. vydanie
Predmet:
Tagy: Pridať tag
Žiadne tagy, Buďte prvý, kto otaguje tento záznam!

MARC

LEADER 00000nam a2200000 4500
001 0306415
005 20250123080153.9
020 |a 978-80-225-5214-1 
041 0 |a slo 
044 |a SK 
245 1 0 |a Predikcia zlyhania firiem - štatistické prístupy a metódy strojového učenia  |b analýza malých a stredných firiem na Slovensku  |c Marek Káčer, Martin Alexy ; recenzenti: Peter Pisár, Dana Kiseľáková 
250 |a 1. vydanie 
264 1 |a Bratislava  |b Vydavateľstvo EKONÓM  |c 2024 
300 |a 161 s. [10,326 AH] 
610 2 0 |a prognózy hospodárske 
610 2 0 |a bankrot 
610 2 0 |a firmy 
610 2 0 |a štatistika 
610 2 0 |a učenie strojové 
610 2 0 |a analýza ekonomická 
610 2 0 |a podnik malý 
610 2 0 |a podnik stredný 
610 2 0 |a Slovensko 
100 1 |a Káčer, Marek, 1976- 
700 1 |a Alexy, Martin, 1976- 
700 1 |a Pisár, Peter 
700 1 |a Kiseľáková, Dana 
710 2 |a Ekonomická univerzita v Bratislave. Národohospodárska fakulta